LEADER 00935nam0-2200313---450- 001 990008326300403321 005 20060511153927.0 010 $a3518005294 035 $a000832630 035 $aFED01000832630 035 $a(Aleph)000832630FED01 035 $a000832630 100 $a20060511d1973----km-y0itay50------ba 101 0 $ager 102 $aDE 105 $ay-------001yy 200 1 $aPraxis und Geschichtsbewusstsein$eStudie zur materialistischen Dialektik, Erkenntnistheorie und Hermeneutik$fHans Jörg Sandkühler 210 $aFrankfurt am Main$cSuhrkamp$d1973 215 $a454 p$d18 cm 225 1 $aEdition Suhrkamp 676 $a193$v20$zita 700 1$aSandkühler,$bHans-Jörg$f<1940- >$0390875 801 0$aIT$bUNINA$gRICA$2UNIMARC 901 $aBK 912 $a990008326300403321 952 $aXI G S 36$bs.i.$fDFD 959 $aDFD 996 $aPraxis und Geschichtsbewusstsein$9743556 997 $aUNINA LEADER 01169nam0-2200397---450- 001 990000911830203316 005 20100113150819.0 010 $a88-13-19590-7 035 $a0091183 035 $aUSA010091183 035 $a(ALEPH)000091183USA01 035 $a0091183 100 $a20020128d1996----y0itay01 ba 101 $aita 102 $aIT 105 $aa 00||| 200 1 $a<> falso in scritture$fGennaro Pirone 210 $aPadova$cCEDAM$d1996 215 $aXI, 275 p.$cill.$d24 cm 225 2 $aLe leggi penali speciali$v2. 410 0$12001$aLe leggi penali speciali$v2. 606 $aPerizie grafiche 606 $aFalso in scrittura privata 676 $a363.2565 700 1$aPIRONE,$bGennaro$0238386 801 0$aIT$bsalbc$gISBD 912 $a990000911830203316 951 $aXXVI.1. Coll. 21/ 3 (COLL.PIS 2)$b11423 G$gXXVI.1. Coll. 21/ 3 (COLL. PIS)$d00270113 959 $aBK 969 $aGIU 979 $aPATTY$b90$c20020128$lUSA01$h1251 979 $c20020403$lUSA01$h1735 979 $aPATRY$b90$c20040406$lUSA01$h1703 979 $aRSIAV4$b90$c20100113$lUSA01$h1508 996 $aFalso in scritture$9656615 997 $aUNISA